000 00696nam a2200229 u 4500
005 20240925065650.0
008 170911s2007 ea r 000 0 spa d
020 _a1600448895
035 _aUPN01000220403
049 _aI
050 4 _aQ163
_bW5.4
100 1 _aWhitehouse, Patty
_941857
245 1 0 _aJuntemos las partes /
_cPatty Whitehouse ; tr. David Mallick.
260 _aE.U.A. :
_bRourke Classroom Resources :
_c2007.
300 _a16 p. :
_bil. col.
440 0 _aDe la lectura a la escritura
650 2 _aCiencia
_vLiteratura infantil
_911354
650 7 _aTecnología
_2
_911976
650 7 _aLibros ilustrados para niños
_2
_921365
905 _aInfantil
999 _c192502
_d192502